01434nam a2200265 a 4500001001000000003000400010005001700014008004100031040002500072082001500097100004000112245008200152260003600234300002100270490002600291590002700317830003300344942001400377952018400391952018700575952012600762952013300888952013001021999001701151000017165OSt20201030095950.0100319s1975 dr 000 0 spa d aDO-SdBNPbspacBNPHU axxxbH557i1 aHernández Fortuna, Arsenio93779710aImparcialidad periodística en Santo Domingo /cArsenio Hernández Fortuna. aSanto Domingo :bTaller,c1975. a224 p. ;c23 cm.1 aBiblioteca Tallerv54 aInventariado, 2020/ YL 0aBiblioteca Tallern54937798 2ddccLBS1 00102ddc51718PDaPDbPDcHDd2010-03-19eDonacióniLF1l0oxxx H557ip17165-10r2020-06-25w2020-06-25yLFPDzPerteneció a la bilbioteca personal de Germán Emilio Ornes. 00102ddc718PDaPDbPDcCTd2011-08-08eDonacióniLF1l0oxxx H557ip17165-20r2020-06-25te. 2w2020-06-25yLFPDzPerteneció a la biblioteca personal de Germán Emilio Ornes. 00102ddc56758DSaPDbPDcCTd2020-10-30eDonacióniLF1l0oxxx H557ip2020-0277r2020-10-30te. 3w2020-06-25yLFDS 00102ddc56758DSaPDbPDcCTd2013-10-30eFlia. Reyes DuluciLF1l0oxxx H557ip2020-0278r2020-10-30te. 4w2020-06-25yLFDS 00102ddc56758DSaPDbPDcCTd1975-04-30eDeposito LegaliLF1l0oxxx H557ip2020-0276r2020-10-30te. 5w2020-06-25yLFDS c16691d16691